MARC

LEADER 00000nam0a2200000 4500
001 361743
005 20231102011423.0
035 |a (RuTPU)RU\TPU\retro\19089 
090 |a 361743 
100 |a 20210630d1979 k y0rusy50 ca 
101 0 |a rus 
102 |a UA 
105 |a a z 001zy 
200 1 |a Системы и средства управления автоматизированным производством  |e сборник научных трудов  |f Киевский институт автоматики ; отв. ред. Б. Б. Тимофеев 
210 |a Киев  |c Наукова думка  |d 1979 
215 |a 168 с.  |c ил. 
320 |a Библиогр. в конце ст. 
606 1 |a Машиностроение  |x Автоматизация комплексная  |x Экономическая эффективность  |2 stltpush  |3 (RuTPU)RU\TPU\subj\41423  |9 61214 
610 1 |a автоматизированное производство 
610 1 |a средства автоматизации 
610 1 |a системы автоматизации 
610 1 |a числовое программное управление 
610 1 |a технические средства 
610 1 |a автоматизация 
610 1 |a программирование 
610 1 |a программное обеспечение 
610 1 |a АСУ 
675 |a 621.002:65.011.56  |v 4 
702 1 |a Тимофеев  |b Б. Б.  |4 340 
712 0 2 |a Киевский институт автоматики  |2 stltpush  |3 (RuTPU)RU\TPU\col\15683  |9 26224 
801 1 |a RU  |b 63413507  |c 20210630 
942 |c BK